Biblioteka Instytutu Północnego w Olsztynie

Widok standardowy Widok MARC

Pozycja Personal Name

Liczba rekordów, w których użyto hasła: 2

001 - Numer kontrolny

  • control field: 39894

003 - Identyfikator numeru kontrolnego

  • control field: NUKAT

005 - Data i czas ostatniej modyfikacji

  • control field: 20260411213611.0

008 - Dane kontrolne kodowane (40 znaków)

  • fixed length control field: 981024n||a|znnaabn |a aaa |c

010 ## - Numer kontrolny Biblioteki Kongresu

  • numer kontrolny LC: n 98096125

040 ## - Instytucja sporządzająca rekord

  • inst. przygot. dane do rek. khw: WA U/RET
  • język haseł przedmiotowych/tezaurus: kaba
  • inst. wprow. rek. khw: WA U/ED
  • inst. modyf. rek. khw: WR U/bk
  • inst. modyf. rek. khw: TOR U/PA
  • inst. modyf. rek. khw: WA U/96hjcs

100 1# - Hasło - nazwa osobowa

  • nazwa osobowa w formie ujednoliconej: Zaborski, Bogdan
  • daty biograficzne: (1901-1985).

400 1# - Trop zob. - nazwa osobowa

  • nazwa osobowa (nazwisko, imiona): Zaborski, B.

400 1# - Trop zob. - nazwa osobowa

  • nazwa osobowa (nazwisko, imiona): Zaborowski, Bogdan
  • daty biograficzne: (1901-1985).

670 ## - Źródło informacji

  • źródło informacji: Antropogeografia / Bogdan Zaborski i Antoni Wrzosek. - Warszawa, [1933].

670 ## - Źródło informacji

  • źródło informacji: Współczesna kultura polska / A. Peretiatkowicz i M. Sobeski. - Poznań, 1932.

670 ## - Źródło informacji

  • źródło informacji: Kp. Geografia osadnictwa i ludności w niepodległej Polsce. T. 3 / [red. tomu Stanisław Liszewski]. - Łódź, 1995.
  • gdzie znaleziono informację: Biogram

670 ## - Źródło informacji

  • źródło informacji: Skorowidz gmin województwa pomorskiego do map B. Zaborskiego " Kp. Podatek gruntowy, gęstość zaludnienia i narodowość mieszkańców na Pomorzu" : część pierwsza pracy zbiorowej "Stosunki rolnicze na Pomorzu" - Polskie Pomorze t. 3 "Życie gospodarcze" / Bogdan Zaborski. - Toruń, 1936.

670 ## - Źródło informacji

  • źródło informacji: Geografowie Uniwersytetu Warszawskiego : Stanisław Lencewicz, Bogdan Zaborowski [!], Stanisław Pietkiewicz : (wspomnienia, listy) / J. Kondracki. - [Warszawa], 1991.
  • gdzie znaleziono informację: S.tyt. (Nadb.: Studia i Materiały z Dziejów Nauki Polskiej 1991. Seria 2 z. 4); s. 64 (Bogdan Zaborski); s. 99 (Publikacje o Bogdanie Zaborskim)
Biblioteka Instytutu Północnego, ul. Partyzantów 87, 10-402 Olsztyn, email: biblioteka(at)ip.olsztyn.pl